[Event "Warsaw Maciei Memorial"]
[Site "Warsaw"]
[Date "2023.07.10"]
[Round "9"]
[White "Bartoszewicz, Marcin"]
[Black "Wiech, Grzegorz"]
[Result "0-1"]
[WhiteElo "1791"]
[BlackElo "2140"]
[PlyCount "96"]
[EventDate "2023.07.10"]
[EventType "swiss (blitz)"]
[EventRounds "11"]
[EventCountry "POL"]
[SourceTitle "CBM 215 Extra"]
[Source "ChessBase"]
[SourceDate "2023.09.30"]
[SourceVersion "1"]
[SourceVersionDate "2023.09.30"]
[SourceQuality "1"]

1. e4 c5 2. Nf3 d6 3. d4 cxd4 4. Qxd4 Nc6 5. Bb5 Bd7 6. Bxc6 Bxc6 7. Nc3 Nf6 8. Bg5 e6 9. 0-0-0 Be7 10. Rhe1 h6 11. Bh4 0-0 12. Bg3 Qa5 13. Bxd6 Rfd8 14. e5 Ne8 15. Qf4 Nxd6 16. exd6 Bf6 17. Qe3 Rac8 18. Rd3 Bxf3 19. Qxf3 Bxc3 20. Rxc3 Rxc3 21. Qxc3 Qxc3 22. bxc3 Rxd6 23. Re4 Kf8 24. Rc4 Ke7 25. Rc7+ Rd7 26. Rc8 e5 27. Kb2 f5 28. c4 e4 29. Kc3 f4 30. Rc5 Ke6 31. Rb5 e3 32. fxe3 fxe3 33. Rb1 Ke5 34. Rf1 Ke4 35. Rf8 Re7 36. Rf3 g5 37. h3 h5 38. Rf8 Rd7 39. Re8+ Kf4 40. c5 Rd2 41. Rf8+ Ke4 42. Re8+ Kf5 43. Rxe3 Rxg2 44. a4 h4 45. Kd3 Rg3 46. Rxg3 hxg3 47. Ke3 g4 48. c3 gxh3 0-1

[Event "Warsaw Maciei Memorial"]
[Site "Warsaw"]
[Date "2023.07.10"]
[Round "5"]
[White "Bartoszewicz, Marcin"]
[Black "Zhuk, Ivan"]
[Result "1-0"]
[WhiteElo "1791"]
[BlackElo "2017"]
[PlyCount "93"]
[EventDate "2023.07.10"]
[EventType "swiss (blitz)"]
[EventRounds "11"]
[EventCountry "POL"]
[SourceTitle "CBM 215 Extra"]
[Source "ChessBase"]
[SourceDate "2023.09.30"]
[SourceVersion "1"]
[SourceVersionDate "2023.09.30"]
[SourceQuality "1"]

1. e4 c5 2. Nf3 d6 3. d4 cxd4 4. Qxd4 Nc6 5. Bb5 Bd7 6. Bxc6 Bxc6 7. Nc3 Nf6 8. Bg5 e6 9. 0-0-0 Be7 10. Rhe1 0-0 11. Kb1 Qc7 12. Bxf6 Bxf6 13. Qxd6 Qa5 14. e5 Rad8 15. Qa3 Qxa3 16. bxa3 Rxd1+ 17. Nxd1 Be7 18. Kb2 Rd8 19. Ne3 Bxf3 20. gxf3 Rd2 21. Rd1 Rxf2 22. Rd7 Bf8 23. Rxb7 Rxf3 24. Nc4 g5 25. Rxa7 h5 26. Rd7 Rf4 27. Kb3 g4 28. a4 Rf1 29. a5 Rb1+ 30. Nb2 Re1 31. Nd3 Rb1+ 32. Nb2 Re1 33. Nc4 Rb1+ 34. Nb2 Re1 35. a6 Rxe5 36. Nc4 Rb5+ 37. Kc3 Rb8 38. a7 Rc8 39. Rb7 Bg7+ 40. Kd3 Rd8+ 41. Ke2 Bf8 42. Rb8 Rd4 43. a8Q Rxc4 44. Rxf8+ Kg7 45. Rg8+ Kh7 46. Qf8 Rxc2+ 47. Kd3 1-0

[Event "PGNiG POL Cup"]
[Site "Elblag"]
[Date "2022.04.09"]
[Round "2"]
[White "Brodowski, Piotr"]
[Black "Bartoszewicz, Marcin"]
[Result "1-0"]
[WhiteElo "2451"]
[BlackElo "1833"]
[PlyCount "51"]
[EventDate "2022.04.09"]
[EventType "swiss (rapid)"]
[EventRounds "9"]
[EventCountry "POL"]
[SourceTitle "CBM 207 Extra"]
[Source "ChessBase"]
[SourceDate "2022.05.31"]
[SourceVersion "1"]
[SourceVersionDate "2022.05.31"]
[SourceQuality "1"]

1. c4 c5 2. Nc3 Nc6 3. g3 g6 4. Bg2 Bg7 5. e3 Nf6 6. Nge2 0-0 7. 0-0 Rb8 8. d4 cxd4 9. exd4 d6 10. h3 Na5 11. b3 a6 12. a4 Bd7 13. Be3 b5 14. axb5 axb5 15. c5 dxc5 16. dxc5 Qc7 17. b4 Nc4 18. Bf4 e5 19. Bg5 Bc6 20. Bxf6 Bxf6 21. Bxc6 Qxc6 22. Qd5 Qc7 23. Nxb5 Rxb5 24. Qxc4 Rfb8 25. Rab1 Qc6 26. Nc3 1-0

[Event "Krakow op-B 31st"]
[Site "Krakow"]
[Date "2020.12.28"]
[Round "2"]
[White "Bartoszewicz, Marcin"]
[Black "Golenia, Jan"]
[Result "0-1"]
[WhiteElo "1927"]
[BlackElo "2070"]
[PlyCount "66"]
[EventDate "2020.12.27"]
[EventType "swiss"]
[EventRounds "9"]
[EventCountry "POL"]
[SourceTitle "CBM 200 Extra"]
[Source "ChessBase"]
[SourceDate "2021.03.31"]
[SourceVersion "1"]
[SourceVersionDate "2021.03.31"]
[SourceQuality "1"]

1. e4 e5 2. Nf3 Nc6 3. Bc4 Nf6 4. Nc3 Be7 5. 0-0 d6 6. h3 0-0 7. d4 h6 8. dxe5 Nxe5 9. Nxe5 dxe5 10. Qf3 c6 11. Rd1 Qc7 12. a4 a5 13. Be3 Bd7 14. Rd2 Rad8 15. Rad1 Kh8 16. Qe2 Nh7 17. f3 Bg5 18. Qf2 Bxe3 19. Qxe3 Ng5 20. Qc5 Bxh3 21. Rxd8 Rxd8 22. Rxd8+ Qxd8 23. gxh3 Nxh3+ 24. Kf1 Ng5 25. Be2 Qf6 26. Qe3 Ne6 27. Nd1 Nf4 28. c3 Qh4 29. Qg1 Qd8 30. Qe3 Qg5 31. Nf2 Qg2+ 32. Ke1 Qg1+ 33. Kd2 Ng2 0-1

[Event "Rubinstein Memorial-C 55th"]
[Site "Polanica Zdroj"]
[Date "2019.08.24"]
[Round "8"]
[White "Bartoszewicz, Marcin"]
[Black "Maslo, Slawomir"]
[Result "1-0"]
[WhiteElo "1950"]
[BlackElo "1687"]
[PlyCount "111"]
[EventDate "2019.08.17"]
[EventType "swiss"]
[EventRounds "9"]
[EventCountry "POL"]
[SourceTitle "EXT 2020"]
[Source "ChessBase"]
[SourceDate "2019.10.17"]
[SourceVersion "1"]
[SourceVersionDate "2019.10.17"]
[SourceQuality "1"]

1. e4 c6 2. d4 d5 3. exd5 cxd5 4. c4 Nf6 5. Nc3 Nc6 6. Nf3 Bg4 7. cxd5 Nxd5 8. Qb3 Bxf3 9. gxf3 e6 10. Qxb7 Nxd4 11. Bb5+ Nxb5 12. Qc6+ Ke7 13. Qxb5 Qd7 14. Nxd5+ Qxd5 15. Qxd5 exd5 16. 0-0 Kf6 17. Rd1 Rd8 18. Be3 Rd7 19. Rac1 Be7 20. Rd4 g5 21. Ra4 Kf5 22. Rxa7 Rxa7 23. Bxa7 Ra8 24. Rc7 Ke6 25. a3 Bd6 26. Rb7 Be5 27. Bc5 d4 28. h3 Rd8 29. Kf1 d3 30. Ke1 f5 31. Kd2 h5 32. Be3 f4 33. Bc5 Bf6 34. Rb6+ Ke5 35. a4 Bh8 36. Bb4 Kd5 37. Kxd3 Bxb2 38. Be7 Rd7 39. Rxb2 Rxe7 40. Rb5+ Ke6 41. Rxg5 h4 42. Ke4 Rc7 43. Re5+ Kd6 44. Kxf4 Rc2 45. Re4 Rxf2 46. Ke3 Rb2 47. Rxh4 Rb3+ 48. Kf2 Ke5 49. Rg4 Kf5 50. h4 Rb2+ 51. Kg3 Rb1 52. Rg5+ Kf6 53. Ra5 Rg1+ 54. Kf4 Rb1 55. Ra6+ Kg7 56. h5 1-0

[Event "Krakow op-B 29th"]
[Site "Krakow"]
[Date "2018.12.29"]
[Round "3"]
[White "Bartoszewicz, Marcin"]
[Black "Zielinski, Marcin"]
[Result "1-0"]
[WhiteElo "1853"]
[BlackElo "1576"]
[PlyCount "119"]
[EventDate "2018.12.27"]
[EventType "swiss"]
[EventRounds "9"]
[EventCountry "POL"]
[SourceTitle "CBM 189 Extra"]
[Source "ChessBase"]
[SourceDate "2019.06.03"]
[SourceVersion "1"]
[SourceVersionDate "2019.06.03"]
[SourceQuality "1"]

1. e4 c6 2. d4 d5 3. exd5 cxd5 4. Bd3 Nf6 5. h3 Nc6 6. Nf3 e6 7. 0-0 Bd6 8. c3 Qc7 9. Re1 0-0 10. Qe2 Nd7 11. Na3 a6 12. Qc2 g6 13. Bh6 Re8 14. Qd2 b5 15. Nc2 Bb7 16. Re2 e5 17. dxe5 Ncxe5 18. Nxe5 Rxe5 19. Nd4 Rae8 20. Rae1 Nc5 21. f3 Nxd3 22. Qxd3 b4 23. Rxe5 Rxe5 24. Rxe5 Bxe5 25. Qe3 bxc3 26. bxc3 Qe7 27. Qd2 Bxd4+ 28. Qxd4 f6 29. Be3 Bc6 30. Qb6 Bb5 31. Bd4 Kf7 32. Qb8 Bc4 33. a4 f5 34. Kh2 Ke6 35. Be5 Kd7 36. f4 Ke6 37. Kg3 g5 38. Qc8+ Qd7 39. Qg8+ Qf7 40. Qxg5 Qg6 41. Kh4 Qxg5+ 42. Kxg5 Bf1 43. Kh6 Bxg2 44. h4 Kf7 45. Kxh7 Bf3 46. Kh6 Bg4 47. h5 Bd1 48. a5 Ba4 49. Kg5 Bd7 50. h6 Kg8 51. Kg6 Be8+ 52. Kxf5 Bf7 53. Kf6 Be8 54. Ke7 Bg6 55. Kd6 Be4 56. Ke6 Kh7 57. f5 Kxh6 58. f6 Kg6 59. f7 Bf5+ 60. Ke7 1-0

[Event "Krakow op-B 29th"]
[Site "Krakow"]
[Date "2018.12.29"]
[Round "4"]
[White "Hrymowicz, Artur"]
[Black "Bartoszewicz, Marcin"]
[Result "0-1"]
[WhiteElo "2024"]
[BlackElo "1853"]
[PlyCount "62"]
[EventDate "2018.12.27"]
[EventType "swiss"]
[EventRounds "9"]
[EventCountry "POL"]
[SourceTitle "CBM 189 Extra"]
[Source "ChessBase"]
[SourceDate "2019.06.03"]
[SourceVersion "1"]
[SourceVersionDate "2019.06.03"]
[SourceQuality "1"]

1. e4 e5 2. Nf3 Nc6 3. d4 exd4 4. Nxd4 Nf6 5. Nxc6 bxc6 6. e5 Nd5 7. c4 Bb4+ 8. Bd2 Bxd2+ 9. Nxd2 Nf4 10. g3 Ng6 11. f4 f6 12. Qh5 0-0 13. Bd3 d6 14. 0-0-0 dxe5 15. Nf3 Qe8 16. fxe5 f5 17. Kb1 Be6 18. Rhe1 Rd8 19. Ng5 h6 20. Nxe6 Qxe6 21. g4 Rxd3 22. Rxd3 Nf4 23. gxf5 Qxc4 24. Rc3 Qxc3 25. bxc3 Nxh5 26. e6 Nf6 27. Kc2 Rd8 28. c4 Rd4 29. Kc3 Rf4 30. Re5 Ne4+ 31. Kd4 Nd6+ 0-1

[Event "Bialystok Zamenhof Memorial-C 35th"]
[Site "Bialystok"]
[Date "2017.12.30"]
[Round "7.10"]
[White "Bartoszewicz, Marcin"]
[Black "Pialesa, Siarhei"]
[Result "1-0"]
[WhiteElo "1885"]
[BlackElo "1718"]
[PlyCount "97"]
[EventDate "2017.12.27"]
[EventType "swiss"]
[EventRounds "9"]
[EventCountry "POL"]
[SourceTitle "EXT 2023"]
[Source "ChessBase"]
[SourceDate "2022.10.05"]
[SourceVersion "1"]
[SourceVersionDate "2022.10.05"]
[SourceQuality "1"]

1. e4 e5 2. Nf3 Nc6 3. Bb5 g6 4. 0-0 Bg7 5. Nc3 Nge7 6. Re1 0-0 7. a3 d6 8. d3 Bg4 9. h3 Bxf3 10. Qxf3 Nd4 11. Qd1 Nxb5 12. Nxb5 c6 13. Nc3 d5 14. Bg5 f6 15. Bh4 d4 16. Nb1 Qd7 17. Nd2 Kh8 18. Qe2 Rad8 19. Bg3 Bh6 20. Nc4 b5 21. Nd2 c5 22. Rf1 Qd6 23. a4 a6 24. axb5 axb5 25. Ra5 Rb8 26. Rfa1 Nc6 27. Ra6 Rfc8 28. b3 Qd7 29. Nf1 Rb7 30. Nh2 Bf4 31. Qf3 g5 32. Qh5 Qf7 33. Qg4 Rbb8 34. Qf5 Kg7 35. Bxf4 Ne7 36. Qd7 exf4 37. Ra7 Re8 38. R1a6 Kf8 39. Ng4 Red8 40. Nxf6 Rxd7 41. Nxd7+ Ke8 42. Nxb8 Qh5 43. Re6 Qe2 44. Rexe7+ Kf8 45. Rf7+ Kg8 46. Rg7+ Kf8 47. Raf7+ Ke8 48. Re7+ Kd8 49. Nc6+ 1-0

[Event "Bialystok Zamenhof Memorial-C 35th"]
[Site "Bialystok"]
[Date "2017.12.30"]
[Round "8.10"]
[White "Bartoszewicz, Marcin"]
[Black "Szydlo, Michal"]
[Result "1-0"]
[WhiteElo "1885"]
[BlackElo "1598"]
[PlyCount "39"]
[EventDate "2017.12.27"]
[EventType "swiss"]
[EventRounds "9"]
[EventCountry "POL"]
[SourceTitle "EXT 2023"]
[Source "ChessBase"]
[SourceDate "2022.10.05"]
[SourceVersion "1"]
[SourceVersionDate "2022.10.05"]
[SourceQuality "1"]

1. e4 c5 2. Nc3 d6 3. f4 g6 4. Nf3 Bg7 5. Bb5+ Bd7 6. Bc4 Nc6 7. 0-0 Na5 8. Be2 Nf6 9. Qe1 e6 10. d3 Nc6 11. e5 dxe5 12. fxe5 Ng4 13. Ne4 0-0 14. Bg5 Qc7 15. Qh4 h5 16. h3 Ngxe5 17. Nf6+ Bxf6 18. Bxf6 Bc8 19. Nxe5 Nxe5 20. Qf4 1-0

[Event "Rubinstein Memorial-C 53rd"]
[Site "Polanica Zdroj"]
[Date "2017.08.22"]
[Round "4"]
[White "Tokmantsev, Ivan"]
[Black "Bartoszewicz, Marcin"]
[Result "1-0"]
[WhiteElo "1711"]
[BlackElo "1875"]
[PlyCount "63"]
[EventDate "2017.08.19"]
[EventType "swiss"]
[EventRounds "9"]
[EventCountry "POL"]
[SourceTitle "CBM 180 Extra"]
[Source "ChessBase"]
[SourceDate "2017.10.06"]
[SourceVersion "1"]
[SourceVersionDate "2017.10.06"]
[SourceQuality "1"]

1. d4 Nf6 2. c4 g6 3. Nc3 Bg7 4. e4 d6 5. f3 0-0 6. Be3 c6 7. Nge2 a6 8. Qd2 b5 9. h4 h5 10. 0-0-0 Qc7 11. Rg1 Nbd7 12. g4 Nb6 13. Nf4 e5 14. Nxh5 gxh5 15. gxh5 Nxh5 16. Rg5 Nf4 17. Bxf4 exf4 18. Qxf4 f6 19. Rg2 Kh7 20. Kb1 Qf7 21. Qxd6 Nxc4 22. Bxc4 bxc4 23. Rdg1 Bh6 24. Qxc6 Bb7 25. Qc5 f5 26. Rg6 Rg8 27. h5 Be3 28. Re1 Bd2 29. Re2 Bxc3 30. Qb6 Rg7 31. Reg2 Bxd4 32. Qxd4 1-0

[Event "Suwalki Warakomska Memorial-B 1st"]
[Site "Suwalki"]
[Date "2017.08.17"]
[Round "8"]
[White "Bartoszewicz, Marcin"]
[Black "Tarnowska, Aleksandra"]
[Result "1-0"]
[WhiteElo "1875"]
[BlackElo "1807"]
[PlyCount "95"]
[EventDate "2017.08.11"]
[EventType "swiss"]
[EventRounds "9"]
[EventCountry "POL"]
[SourceTitle "CBM 180 Extra"]
[Source "ChessBase"]
[SourceDate "2017.10.06"]
[SourceVersion "1"]
[SourceVersionDate "2017.10.06"]
[SourceQuality "1"]

1. e4 c5 2. Nf3 e6 3. d4 cxd4 4. Nxd4 a6 5. Nc3 Qc7 6. Bd3 b5 7. 0-0 Bb7 8. a4 b4 9. Na2 Nc6 10. Nxc6 dxc6 11. c3 bxc3 12. Nxc3 Nf6 13. Qe2 Be7 14. Bg5 h6 15. Bh4 Bd6 16. Bg3 Bxg3 17. hxg3 Qe5 18. Ra3 c5 19. Rb3 Bc6 20. Rb6 Bd7 21. Bxa6 0-0 22. Bb5 Qc7 23. Ra6 Rxa6 24. Bxa6 e5 25. Bc4 Ra8 26. b3 Qb6 27. Rd1 Bg4 28. f3 Be6 29. Bxe6 fxe6 30. Qc4 Nh5 31. Nb5 Re8 32. Kh2 Qa5 33. Qxc5 Rd8 34. Rxd8+ Qxd8 35. Qxe5 Qe8 36. Nc7 Qb8 37. Qxh5 Qxc7 38. Qe8+ Kh7 39. Qxe6 Qd8 40. Qd5 Qb8 41. a5 Qa7 42. Qb5 h5 43. Qxh5+ Kg8 44. b4 g6 45. Qxg6+ Kh8 46. Qb6 Qh7+ 47. Kg1 Qg6 48. Qb8+ 1-0

[Event "Suwalki Warakomska Memorial-B 1st"]
[Site "Suwalki"]
[Date "2017.08.13"]
[Round "4"]
[White "Bartoszewicz, Marcin"]
[Black "Samborski, Henryk"]
[Result "0-1"]
[WhiteElo "1875"]
[BlackElo "2096"]
[PlyCount "62"]
[EventDate "2017.08.11"]
[EventType "swiss"]
[EventRounds "9"]
[EventCountry "POL"]
[SourceTitle "CBM 180 Extra"]
[Source "ChessBase"]
[SourceDate "2017.10.06"]
[SourceVersion "1"]
[SourceVersionDate "2017.10.06"]
[SourceQuality "1"]

1. e4 c5 2. Nf3 d6 3. d4 cxd4 4. Nxd4 Nf6 5. Nc3 a6 6. a4 e5 7. Nb3 Be7 8. Bg5 Nbd7 9. Bd3 0-0 10. 0-0 Re8 11. a5 Qc7 12. Qd2 b5 13. axb6 Nxb6 14. Qe2 Be6 15. Bxa6 Nc4 16. Bxf6 Bxf6 17. Nd5 Bxd5 18. exd5 Nxb2 19. Bb5 Reb8 20. c4 e4 21. Rxa8 Rxa8 22. Qxe4 g6 23. g3 Qb6 24. Kg2 Ra3 25. Nd2 Kg7 26. Nf3 Ra2 27. h4 Nd1 28. Rxd1 Qxf2+ 29. Kh3 Re2 30. Rd2 Qg2+ 31. Kg4 Rxe4# 0-1

[Event "Lazy op 13th"]
[Site "Lazy"]
[Date "2017.07.03"]
[Round "8"]
[White "Bartoszewicz, Marcin"]
[Black "Straszewski, Tomasz"]
[Result "1-0"]
[WhiteElo "1915"]
[BlackElo "1619"]
[PlyCount "87"]
[EventDate "2017.06.25"]
[EventType "swiss"]
[EventRounds "9"]
[EventCountry "POL"]
[SourceTitle "EXT 2018"]
[Source "ChessBase"]
[SourceDate "2017.10.13"]
[SourceVersion "1"]
[SourceVersionDate "2017.10.13"]
[SourceQuality "1"]

1. e4 e5 2. Nf3 Nc6 3. Bb5 a6 4. Ba4 d6 5. 0-0 f5 6. d3 Be7 7. Nc3 Nf6 8. exf5 Bxf5 9. d4 exd4 10. Nxd4 Bd7 11. Bb3 Nxd4 12. Qxd4 Bc6 13. Bg5 d5 14. Rfe1 0-0 15. Rad1 Kh8 16. Bxd5 Nxd5 17. Bxe7 Nxe7 18. Qxd8 Raxd8 19. Rxe7 Rxd1+ 20. Nxd1 Re8 21. Rxe8+ Bxe8 22. Ne3 Kg8 23. f4 Kf7 24. Kf2 Ke6 25. Ke2 b5 26. b4 Bg6 27. Kd2 Kd6 28. g4 Be4 29. h4 g6 30. a3 c5 31. Kc3 h6 32. Kd2 cxb4 33. axb4 Ke6 34. Kc3 Bf3 35. Kd4 Kd6 36. c3 h5 37. gxh5 Bxh5 38. Ke4 Be2 39. f5 gxf5+ 40. Nxf5+ Kc7 41. Ng3 Bd1 42. Kd5 Kb6 43. h5 Bf3+ 44. Kd4 1-0

[Event "Lazy op 13th"]
[Site "Lazy"]
[Date "2017.07.01"]
[Round "7"]
[White "Gorkiewicz, Mateusz"]
[Black "Bartoszewicz, Marcin"]
[Result "1/2-1/2"]
[WhiteElo "1764"]
[BlackElo "1915"]
[PlyCount "88"]
[EventDate "2017.06.25"]
[EventType "swiss"]
[EventRounds "9"]
[EventCountry "POL"]
[SourceTitle "EXT 2018"]
[Source "ChessBase"]
[SourceDate "2017.10.13"]
[SourceVersion "1"]
[SourceVersionDate "2017.10.13"]
[SourceQuality "1"]

1. e4 c5 2. Nf3 Nc6 3. d4 cxd4 4. Nxd4 g6 5. Be2 Bg7 6. Nb3 Nf6 7. Nc3 0-0 8. 0-0 d6 9. Bg5 Bd7 10. Re1 Rc8 11. Bf1 h6 12. Bh4 Ne5 13. Nd5 g5 14. Bg3 Nc4 15. Bxc4 Rxc4 16. Nxf6+ Bxf6 17. c3 Qc7 18. Qd2 b5 19. Rac1 Rc8 20. f4 Be6 21. e5 dxe5 22. fxe5 Bg7 23. Nd4 Qd7 24. Qe3 b4 25. Nxe6 Qxe6 26. cxb4 Rxc1 27. Rxc1 Rxc1+ 28. Qxc1 Qxa2 29. h4 gxh4 30. Qc8+ Bf8 31. Qg4+ Kh8 32. Bxh4 Qb1+ 33. Kh2 Qxb2 34. Bg3 e6 35. Qf4 Qxb4 36. Qxf7 Qe7 37. Qf4 Bg7 38. Bh4 Qf8 39. Qe3 Qb8 40. Bf6 Kh7 41. Qe4+ Kg8 42. Qg4 Qc7 43. Qxe6+ Qf7 44. Qc8+ Qf8 1/2-1/2

[Event "Lazy op 13th"]
[Site "Lazy"]
[Date "2017.06.28"]
[Round "4"]
[White "Luczak, Filip"]
[Black "Bartoszewicz, Marcin"]
[Result "0-1"]
[WhiteElo "1880"]
[BlackElo "1915"]
[PlyCount "110"]
[EventDate "2017.06.25"]
[EventType "swiss"]
[EventRounds "9"]
[EventCountry "POL"]
[SourceTitle "EXT 2018"]
[Source "ChessBase"]
[SourceDate "2017.10.13"]
[SourceVersion "1"]
[SourceVersionDate "2017.10.13"]
[SourceQuality "1"]

1. Nf3 Nf6 2. g3 g6 3. Bg2 Bg7 4. 0-0 0-0 5. d4 d6 6. Nc3 Nbd7 7. e4 e5 8. Re1 Re8 9. d5 a5 10. Nd2 Nf8 11. Nc4 a4 12. f3 Bd7 13. g4 b5 14. Ne3 b4 15. Ne2 c5 16. Ng3 Bb5 17. Bf1 Bxf1 18. Rxf1 N6d7 19. Kg2 Nb8 20. Rh1 Na6 21. h4 Nc7 22. c4 bxc3 23. bxc3 Nb5 24. Qd3 Qd7 25. Rb1 Reb8 26. Nc4 Qa7 27. Rxb5 Rxb5 28. Nxd6 Rbb8 29. Nb5 c4 30. Nxa7 cxd3 31. Nc6 d2 32. Ba3 Rb3 33. axb3 axb3 34. Rd1 Rxa3 35. Rxd2 Ra2 36. Nf1 b2 37. Nb4 b1Q 38. Rxa2 f5 39. Nd2 Qe1 40. exf5 gxf5 41. gxf5 Qe2+ 42. Kg1 Bh6 43. Nf1 Be3+ 44. Nxe3 Qxe3+ 45. Kg2 Qxc3 46. Nc6 Qc4 47. Ra7 Qxh4 48. Re7 Qg5+ 49. Kf1 Qxf5 50. Rxe5 Qxf3+ 51. Kg1 Ng6 52. Re8+ Kg7 53. Rd8 Nf4 54. Rd7+ Kh6 55. Rd6+ Kh5 0-1

[Event "Suwalki op"]
[Site "Suwalki"]
[Date "2015.07.04"]
[Round "8"]
[White "Jaroch, Karol"]
[Black "Bartoszewicz, Marcin"]
[Result "1-0"]
[WhiteElo "2191"]
[BlackElo "1988"]
[PlyCount "79"]
[EventDate "2015.06.29"]
[EventType "swiss"]
[EventRounds "9"]
[EventCountry "POL"]
[SourceTitle "EXT 2017"]
[Source "ChessBase"]
[SourceDate "2016.10.25"]
[SourceVersion "1"]
[SourceVersionDate "2016.10.25"]
[SourceQuality "1"]

1. c4 Nf6 2. g3 g6 3. Bg2 Bg7 4. Nc3 0-0 5. d4 d6 6. e4 e5 7. Nf3 Nc6 8. d5 Ne7 9. 0-0 Nd7 10. Be3 h6 11. Qd2 Kh7 12. Ne1 f5 13. f3 Nf6 14. exf5 gxf5 15. Nd3 Bd7 16. Bf2 Ng6 17. Rae1 Nh5 18. c5 f4 19. Ne4 Nf6 20. cxd6 Nxe4 21. Rxe4 cxd6 22. gxf4 exf4 23. Nxf4 Nxf4 24. Rxf4 Qg5 25. Be3 Qg6 26. Kh1 Rfc8 27. Rf2 Bf5 28. Qb4 Re8 29. Qb3 Re7 30. Bf1 Rae8 31. Bd2 Kh8 32. Rg2 Qh5 33. Bc3 Be5 34. Bxe5+ dxe5 35. Rb4 e4 36. Qc3+ Kh7 37. fxe4 Bh3 38. Rf2 Qd1 39. Qxh3 Qh5 40. Qc3 1-0

[Event "Suwalki op"]
[Site "Suwalki"]
[Date "2015.07.03"]
[Round "7"]
[White "Wisniewski, Jaroslaw"]
[Black "Bartoszewicz, Marcin"]
[Result "1/2-1/2"]
[WhiteElo "1902"]
[BlackElo "1988"]
[PlyCount "160"]
[EventDate "2015.06.29"]
[EventType "swiss"]
[EventRounds "9"]
[EventCountry "POL"]
[SourceTitle "EXT 2017"]
[Source "ChessBase"]
[SourceDate "2016.10.25"]
[SourceVersion "1"]
[SourceVersionDate "2016.10.25"]
[SourceQuality "1"]

1. d4 Nf6 2. Nc3 d5 3. e4 dxe4 4. f3 exf3 5. Nxf3 e6 6. Bd3 Be7 7. 0-0 0-0 8. Ne4 Nbd7 9. Nfg5 Nxe4 10. Nxe4 Nf6 11. c3 Nxe4 12. Bxe4 g6 13. Bh6 Re8 14. Qf3 f5 15. Bxb7 Bxb7 16. Qxb7 Bd6 17. Qf3 a5 18. Rae1 a4 19. Re2 a3 20. b4 Qh4 21. Bf4 Bxf4 22. Qxf4 Qxf4 23. Rxf4 Kf7 24. Re5 c6 25. Rf1 Ke7 26. Rb1 Kd6 27. Rb3 Reb8 28. Kf2 Rb5 29. Re3 Ra4 30. Rh3 Rb7 31. Ke2 e5 32. dxe5+ Kxe5 33. Re3+ Kf6 34. Kd3 Rd7+ 35. Kc2 Rb7 36. Rb1 c5 37. Kb3 Ra8 38. Kc4 cxb4 39. Rxb4 Rd7 40. Re2 Rd1 41. Rc2 f4 42. Kb5 g5 43. h3 h5 44. h4 Rb8+ 45. Kc5 Rxb4 46. hxg5+ Kxg5 47. Kxb4 Kg4 48. Kxa3 h4 49. c4 h3 50. gxh3+ Kg3 51. c5 f3 52. c6 f2 53. c7 Rd3+ 54. Kb2 f1Q 55. c8Q Qf6+ 56. Rc3 Qb6+ 57. Kc2 Rxc3+ 58. Qxc3+ Kh4 59. Qh8+ Kg3 60. Qg8+ Kf2 61. Qf7+ Kg2 62. Qd5+ Kf2 63. Qf5+ Kg2 64. Qg4+ Kf2 65. a4 Qc5+ 66. Kb3 Qb6+ 67. Kc2 Qc5+ 68. Kd3 Qa3+ 69. Ke4 Qxa4+ 70. Ke5 Qa5+ 71. Kf6 Qd8+ 72. Kg7 Qe7+ 73. Kg6 Qe8+ 74. Kg5 Qg8+ 75. Kh4 Qh7+ 76. Qh5 Qe4+ 77. Kg5 Qe5+ 78. Kg6 Qe8+ 79. Kh6 Qh8+ 80. Kg5 Qe5+ 1/2-1/2

[Event "Suwalki op"]
[Site "Suwalki"]
[Date "2015.07.02"]
[Round "6"]
[White "Bartoszewicz, Marcin"]
[Black "Wloch, Mikolaj"]
[Result "1-0"]
[WhiteElo "1988"]
[BlackElo "1450"]
[PlyCount "53"]
[EventDate "2015.06.29"]
[EventType "swiss"]
[EventRounds "9"]
[EventCountry "POL"]
[SourceTitle "EXT 2017"]
[Source "ChessBase"]
[SourceDate "2016.10.25"]
[SourceVersion "1"]
[SourceVersionDate "2016.10.25"]
[SourceQuality "1"]

1. e4 c5 2. Nf3 d6 3. d4 cxd4 4. Nxd4 Nf6 5. Nc3 g6 6. Be3 Bg7 7. f3 0-0 8. Bc4 Nc6 9. Qd2 Bd7 10. 0-0-0 Na5 11. Bb3 Nxb3+ 12. cxb3 Rc8 13. Kb1 a6 14. Bh6 b5 15. h4 b4 16. Nce2 a5 17. g4 Re8 18. h5 Bh8 19. Ng3 Qb6 20. Be3 Qc7 21. hxg6 fxg6 22. g5 d5 23. Nde2 dxe4 24. gxf6 exf3 25. Qd5+ e6 26. f7+ Kxf7 27. Qxd7+ 1-0

[Event "Bialystok-ch"]
[Site "Bialystok"]
[Date "2015.??.??"]
[Round "3"]
[White "Filewicz, Radoslaw"]
[Black "Bartoszewicz, Marcin"]
[Result "0-1"]
[WhiteElo "1732"]
[BlackElo "1941"]
[PlyCount "100"]
[EventDate "2015.05.01"]
[EventType "swiss"]
[EventRounds "9"]
[EventCountry "POL"]
[SourceTitle "CBM 166 Extra"]
[Source "ChessBase"]
[SourceDate "2015.06.18"]
[SourceVersion "1"]
[SourceVersionDate "2015.06.18"]
[SourceQuality "1"]

1. e4 c5 2. Nc3 Nc6 3. Nf3 g6 4. Bb5 Nd4 5. Bc4 Bg7 6. d3 e6 7. 0-0 a6 8. a4 Ne7 9. Nxd4 cxd4 10. Ne2 0-0 11. Bf4 d5 12. exd5 Nxd5 13. Bd2 b6 14. Qc1 Bb7 15. Bg5 Qd7 16. Bh6 b5 17. Bxg7 Kxg7 18. axb5 axb5 19. Rxa8 Bxa8 20. Bb3 e5 21. Qg5 f6 22. Qg3 Bc6 23. Re1 Re8 24. h4 Nf4 25. f3 Qd6 26. Qf2 Nd5 27. Bxd5 Qxd5 28. Ng3 Qd6 29. Qd2 h5 30. Ra1 Qe7 31. Qa5 Ra8 32. Qe1 Rxa1 33. Qxa1 f5 34. Qe1 Qf6 35. Qa5 Qd6 36. Qe1 b4 37. Qd2 f4 38. Ne4 Bxe4 39. fxe4 Qe7 40. Qe1 Qc5 41. Qd2 Qf8 42. Kh2 g5 43. g3 Kg6 44. Kg2 Qc8 45. Qf2 fxg3 46. Kxg3 Qg4+ 47. Kh2 Qxh4+ 48. Qxh4 gxh4 49. Kh3 Kg5 50. b3 Kf4 0-1

[Event "Bialystok-ch"]
[Site "Bialystok"]
[Date "2015.??.??"]
[Round "1"]
[White "Kaminski, Maciej"]
[Black "Bartoszewicz, Marcin"]
[Result "0-1"]
[WhiteElo "1600"]
[BlackElo "1941"]
[PlyCount "130"]
[EventDate "2015.05.01"]
[EventType "swiss"]
[EventRounds "9"]
[EventCountry "POL"]
[SourceTitle "CBM 166 Extra"]
[Source "ChessBase"]
[SourceDate "2015.06.18"]
[SourceVersion "1"]
[SourceVersionDate "2015.06.18"]
[SourceQuality "1"]

1. e4 e5 2. Nf3 Nc6 3. Bb5 a6 4. Ba4 Nf6 5. d3 b5 6. Bb3 Be7 7. c3 0-0 8. Nbd2 d5 9. Qe2 d4 10. 0-0 Bg4 11. h3 Bh5 12. Re1 Qd6 13. Nf1 Bxf3 14. Qxf3 dxc3 15. bxc3 b4 16. Ng3 bxc3 17. Nf5 Nd4 18. Qg3 Nxf5 19. exf5 Nd7 20. a4 Qf6 21. Qf3 Rab8 22. Bc4 Bc5 23. Ba3 Bxa3 24. Rxa3 c2 25. Qe2 Qxf5 26. Qxc2 Rb6 27. Bd5 c5 28. a5 Rd6 29. Be4 Qf6 30. Re3 Qe7 31. Bf5 g6 32. Bxd7 Rxd7 33. f4 Rd5 34. Qc4 Qd6 35. fxe5 Rxe5 36. Rxe5 Qxe5 37. Rc3 Rb8 38. Qxc5 Rb1+ 39. Kf2 Qf4+ 40. Ke2 Qf1+ 41. Ke3 Re1+ 42. Kd4 Qf4+ 43. Kd5 Re5+ 44. Kc6 Rxc5+ 45. Rxc5 Qa4+ 46. Kb7 Qb4+ 47. Kc6 Kg7 48. Rd5 Kf6 49. d4 Qc4+ 50. Kd6 h6 51. h4 h5 52. g3 Qc3 53. Kd7 Qxg3 54. Rd6+ Kg7 55. Rxa6 Qxh4 56. Rd6 Kf8 57. a6 Qe7+ 58. Kc6 Qa7 59. Kb5 h4 60. Rb6 Qd7+ 61. Kc5 h3 62. Rb7 Qc8+ 63. Kb6 h2 64. a7 h1Q 65. Rb8 Qb1+ 0-1